Історія монастиря у Пересопниці (Запис № 463278)

МАРК-запис
000 -Лідер
fixed length control field 01758 a2200241 4500
003 - Ідентифікатор контрольного номера
control field UA-OsUOA
005 - Дата та час останнього входження (трансакції)
control field 20200914135913.0
008 - Елементи даних фіксованої довжини – загальна інформація
fixed length control field 200914b un ||||| |||| 00| 0 ukr d
020 ## - Міжнародний стандартний книжковий номер (ISBN)
Міжнародний стандартний книжковий номер (ISBN) (НП) 9786176422389
040 ## - Джерело каталогізації
Агенція оригінальної каталогізації UA-OsUOA
Мова каталогізації ukr
Агенція, яка здійснювала перезапис UA-OsUOA
Агенція, яка здійснювала модифікацію UA-OsUOA
041 ## - Код мови
Код мови тексту/ звукової доріжки чи окремого заголовка (П) ukr
080 ## - Індекс Універсальної десяткової класифікації
Індекс Універсальної десяткової класифікації (УДК) (НП) 908(477.81)(091)
090 ## - Локальний шифр розміщення
Класифікаційний індекс УДК 908(477.81)(091)
Авторський знак (НП) Ф 33
100 ## - Основне введення – ім’я особи
Ім’я особи (НП) Федоришин М.
245 ## - Відомості про назву
Назва (НП) Історія монастиря у Пересопниці
Дані про відповідальність (НП) Микола Федоришин
260 ## - Публікація, розповсюдження і т.п. (Вихідні дані)
Дата публікації, розповсюдження і т.п. (П) 2016
Місце публікації, розповсюдження і т.п. (П) Пересопниця
300 ## - Фізичний опис
Обсяг 32 с.
Супроводжувальний матеріал іл.
520 ## - Резюме і т.п.
Резюме, реферат, анотація, тощо (НП) Пересопницький монастир став відомим завдяки створенню у його стінах в 1561 році визначної пам'ятки української мови та культури "Пересопницьке Євангелія".<br/>На основі археологічних досліджень та письмових джерел автор досить переконливо проводить дискурс історичного минулого від давньоруського до модерного часу на подіях, що пов'язані з діяльністю Пересопницького монастиря з церквою во ім'я Різдва Богородиці.<br/>Видання буде корисним історикам, культурологам, краєзнавцям, всім, хто цікавиться культурною спадщиною України.
650 ## - Додаткове предметне введення – тематичний термін
Джерело заголовка чи терміна UDC
Тематичний термін чи географічна назва, як елемент введення (НП) 908 Краєзнавство
942 ## - Додаткові елементи входу (Коха)
Тип елемента Koha Книги
Source of classification or shelving scheme Universal Decimal Classification
955 ## - Код типу видання за змістом
Код типу видання за змістом (НП) Науково-популярні видання
Фонди
Стан вилучень Стан втрат Джерело класифікації або схеми стелажів Стан уражень Не для кредиту Постійне місце розташування Поточне розміщення Дата придбання Джерело придбання Вартість, звичайна ціна покупки Повний номер виклику Штрих-код Дата останнього перегляду Вартість, ціна заміни Ціна ефективна від Тип елемента Koha
    Universal Decimal Classification     АБ - Абонемент НБ АБ - Абонемент НБ 14/09/2020 №16/09.09.20 15.00 908(477.81)(091) Ф33 162863 17/01/2022 15.00 14/09/2020 Книги